BREEDING and protection of vegetables
Saved in:
| Format: | Book |
|---|---|
| Language: | English |
| Published: |
New India Publishing Agency
2011
|
| Tags: |
Add Tag
No Tags, Be the first to tag this record!
|
MARC
| LEADER | 00000nam a22000007a 4500 | ||
|---|---|---|---|
| 008 | 201216b ||||| |||| 00| 0 eng d | ||
| 020 | |a ISBN: 978-93-80235-49-3 | ||
| 245 | |a BREEDING and protection of vegetables |c edited by M. K. Rana.- |g x, 512p.; ill. | ||
| 260 | |b New India Publishing Agency |c 2011 |h New Delhi |i 683775 |l SB320.27 .B72 |m Vegetable. |m Vegetable – Transplanting | ||
| 942 | |a lcc |c BK |e Olagoke,M A |f 16/12/2020 | ||
| 952 | |0 0 |1 0 |2 lcc |4 0 |6 SB032027 B72 |7 0 |9 615 |a HOL |b HOL |c QZ |d 2020-12-16 |l 0 |o SB320.27 .B72 |p 2020-22933 |r 2020-12-16 00:00:00 |w 2020-12-16 |y BK | ||
| 999 | |c 346 |d 346 | ||